000 00491nam a2200169 a 4500
001 000041381
005 20201002034835.0
008 131001s19uu xx a 000 0 spa d
040 _aDO-SdBNP
_bspa
_cBNPHU
082 _axxxx
_bxxxx
100 1 _aBach, Richard,
_d1936-
_93225
245 1 0 _aJuan Salvador Gaviota /
_cRichard Bach.
260 _as. l. :
_bs.n.,
_c[199?].
300 _a64 p. :
_bil. ;
_c20 cm.
650 4 _aNovela estadounidense
_9262
650 4 _aLiteratura estadounidense
_9263
999 _c40871
_d40871